Historia de civilisaçao iberica
Saved in:
| Main Author: | |
|---|---|
| Format: | Unknown |
| Language: | Portuguese |
| Published: |
Lisboa,Portugal
Livraria Bertrand (Porto: typ de A F Vasconcellos)
1885
|
| Edition: | 3a ed. Enmendada |
| Textbook Catalogue: | MANES: Library Catalog Search Result |
| Textbook Classification: |
|
| Series: | Bibliotheca das Sciencias Sociales
|
| Tags: |
Add Tag
No Tags, Be the first to tag this record!
|
| Added to: | 2016-04-26 |
MARC
| LEADER | 000000000a22000000004500 | ||
|---|---|---|---|
| 001 | 35215 | ||
| 003 | OSt | ||
| 008 | 160427s po ||||| |||| 00| 0 por d | ||
| 040 | |a manes |c manes | ||
| 041 | |a Portugués | ||
| 100 | 1 | |a Martins, Oliveira |9 15321 | |
| 245 | 0 | 0 | |a Historia de civilisaçao iberica |
| 250 | |a 3a ed. Enmendada | ||
| 260 | 3 | |a Lisboa,Portugal |b Livraria Bertrand (Porto: typ de A F Vasconcellos) |c 1885 | |
| 300 | |a XLIV, 320 p. |c 20 cm | ||
| 440 | |a Bibliotheca das Sciencias Sociales |9 20844 | ||
| 500 | |a Signatura: BIB-M/125. Enc. pasta española. Legado José María Igual. | ||
| 690 | 7 | |a HI | |
| 691 | 0 | |a SE | |
| 942 | |2 ddc |c BK | ||
| 546 | |a España | ||
| 999 | |c 42213 |d 42213 | ||
| 999 | |c manes:42213 |d 42213 | ||